000 00672nam a2200241Ia 4500
003 OSt
005 20220918223521.0
006 a|||||r|||| 00| 0
007 ta
008 220917b |||||||| |||| 00| 0 eng d
024 _a223,100
037 _cTextual
040 _aARTS
_cARTS
_beng
041 _2eng
_aeng
082 _aR3xM44:g, P2-;1
100 _aNietzsche Friedrich
_928005
245 0 _aBeyond good and evil
260 _aEngland
_bPenguin books
_c2003
300 _a240p
_ccm.
700 _a Hollingdale R.J. Tr.
_928002
942 _hR3xM44:g, P2-;1
_cTEXL
_2CC
999 _c278678
_d278678